00382 a2200145 4500003000400000005001700004008004100021020001800062040000900080082001800089245005100107250001200158260005700170300000900227OSt20231127161928.0231127b |||||||| |||| 00| 0 eng d a9788122420142 coclc a616.07bRAS/E aEssentials of animal physiology /cS C Rastogi a4th ed. aNew Delhi:bNew age International publishers,c2019. a578p